Представление документа в формате RUSMARC

ПолеНазваниеЗначение
  Тип записи a
  Библиографический уровень m
001 Контрольный номер RU/SLIB/B/208774801
005 Дата корректировки 20231228102154.3
010 Индекс ISBN __
d Цена 22750-00; 21900-00
101 Язык документа 0_
a Язык текста rus
200 Заглавие и сведения об ответственности 1_
a Заглавие Серапионовы братья. Сочинения
f Первые сведения об ответственности Э. Т. А. Гофман ; пер. с нем. А. Соколовского ; под ред.: Е. В. Степановой, В. М. Орешко ; редкол.: А. С. Михальчук, И. В. Высоцкий
b Общее обозначение материала Текст
h Номер части Т. 2
210 Выходные данные 1_
a Место издания Минск
c Издательство Navia Morionum
d Дата издания 1994
215 Физическое описание __
a Объем 590 с.
c Иллюстрации/тип воспроизводства ил.
606 Тематические рубрики __
a Основная рубрика Художественная литература
z Хронологическая подрубрика 18 в. ; 19 в.
y Географическая подрубрика Германия
606 Тематические рубрики __
a Основная рубрика Литература Европы (произведения)
610 Ключевые слова 0_
a Ключевые слова немецкая литература
686 Индексы других классификаций __
a Классификационный индекс 84(4Гем)-4
700 Автор _1
a Фамилия Гофман
b Имя Э. Т. А.
4 Код отношения 070
701 Альтернативная интеллектуальная ответственность _1
a Фамилия Степанова
b Имя Е. В.
4 Код отношения 340
702 Вторичная интеллектуальная ответственность _1
a Фамилия Соколовский
b Имя А.
4 Код отношения Переводчик
4 Код отношения 730
702 Вторичная интеллектуальная ответственность _1
a Фамилия Орешко
b Имя В. М.
4 Код отношения Редактор
4 Код отношения 340
702 Вторичная интеллектуальная ответственность _1
a Фамилия Михальчук
b Имя А. С.
4 Код отношения Редактор
4 Код отношения 340
702 Вторичная интеллектуальная ответственность _1
a Фамилия Высоцкий
b Имя И. В.
4 Код отношения Редактор
4 Код отношения 340
801 Источник записи _0
a Страна RU
b Организация Муниципальное бюджетное учреждение культуры "Централизованная библиотечная система" г. Сургут (Центральная городская библиотека им. А. С. Пушкина)
g Правила каталогизации КиК/Михайлова
801 Источник записи _1
a Страна RU
b Организация Муниципальное бюджетное учреждение культуры "Централизованная библиотечная система" г. Сургут (Центральная городская библиотека им. А. С. Пушкина)
g Правила каталогизации КиК/Михайлова
852 Данные о местонахождении __
j Шифр хранения 84(4Гем)-4
i Авторский знак Г 74
p Инвентарный номер 60145; 59200
901 Тип документа __
t Тип документа m
990 Данные о заказе (DOS) __
j Количество экземпляров (DOS) 2
t N записи в КСУ для И/У (DOS) 199701